| 000 | 00827nam a2200241 i 4500 | ||
|---|---|---|---|
| 001 | 128569 | ||
| 003 | ES-MaACL | ||
| 005 | 20230906193320.0 | ||
| 007 | t| | ||
| 008 | 070518s1967 sp a |||| | spa d | ||
| 080 | _a621.387 | ||
| 080 | _a539.16.087 | ||
| 100 | 1 |
_aTanarro Sanz, Agustín. _9109177 |
|
| 245 | 1 | 0 |
_aDetección de radiaciones nucleares / _cpor A. Tanarro. |
| 260 |
_aMadrid : _b[Servicio de Documentación, Biblioteca y Publicaciones, Junta de Energía Nuclear], _c1967. |
||
| 300 |
_a102 p. : _bil. ; _c30 cm. |
||
| 490 | 1 | _aJ. E.N. 183-DF I 56 | |
| 650 | 1 | 4 |
_aRadiactividad. _916659 |
| 710 | 2 |
_aJunta de Energía Nuclear (España). _bServicio de Documentación, Biblioteca y Publicaciones. _9140488 |
|
| 830 | 0 |
_aJ. E.N. 183-DF I 56 _9219291 |
|
| 852 |
_aES-MaACL _jC-34311 |
||
| 999 |
_c128569 _d128569 |
||